00434 a2200109 4500001001000000005001700010008004100027245010700068100002900175773010300204999001700307ART_3966920260410162012.0260409a 10aAlgunos interrogantes éticos para repensar la evaluación de los propgramas y proyecciones sociales1 aMolina, María Gabriela0 tPropuestas para la sociedad, el gobierno y la produccióng- Año 5, Nº 9 (nov. 2001)wREV39547 c32297d32297